Classic Clickable Jokes II Quiz Stats

 Plays Quiz Updated Aug 21, 2018

Challenge
Share
Tweet
Embed
Score 0/30 Timer 09:00
6 Plays Today
% Correct
Because they have giant fingers.
91.2%
'Get off me, homes'.
90.8%
'I'm lookin' for the man... who shot my paw'.
90.5%
'I don't know, I'm still paying for it.'
90.5%
when I woke up my pillow was missing.
90.3%
'No, he did it all by himself'.
90%
'No, but I'm the one who must dig his grave'.
89.5%
I don't have a ferrari in my garage.
89.4%
but the second mouse gets the cheese.
88.8%
A leg.
88.8%
Where you left it.
87.5%
they have nothing to lose.
87.3%
he said 'I'll get you some cream for that'.
86.6%
now I'm not so sure.
86.5%
The cow sat down.
86.2%
% Correct
but it was no match for me at kick boxing.
86.2%
The other says 'So just eat the noodles.'
85.3%
You never open up to me!
85.2%
but I'm much better noooooooooooow !
84.7%
'Really! What's the name of his other one'?
84.2%
'Take the spoon out first'.
83.4%
A white horse fell in the mud.
83.2%
but not the fact that I am right.
82.2%
they won't expect it back.
81.8%
So far, so good.
79.9%
finding furniture in a dark room.
78.9%
isn't what it used to be.
78.2%
No peer pressure.
78.1%
'I'll miss you'.
77.5%
'You man the guns. I'll drive.'
68%

You're not logged in!

Compare scores with friends on all Sporcle quizzes.
OR
Log In

You Might Also Like...

Show Comments

Extras

Top Quizzes Today


Score Distribution

Your Account Isn't Verified!

In order to create a playlist on Sporcle, you need to verify the email address you used during registration. Go to your Sporcle Settings to finish the process.

Report this User

Report this user for behavior that violates our Community Guidelines.

Details: